Implementation of Management Systems as Competitive Advantage

Implemantácia manažérskych systémov potravinovej bezpečnosti a a ich význam.

Gespeichert in:
Bibliographische Detailangaben
1. Verfasser: Karkalíková, Marta
Weitere Verfasser: Noseková, Dominika
Format: Buchkapitel
Sprache:Englisch
Schlagworte:
Tags: Tag hinzufügen
Keine Tags, Fügen Sie das erste Tag hinzu!

MARC

LEADER 00000naa a2200000 4500
001 0228960
005 20240502083617.0
041 0 |a eng 
044 |a BG 
245 1 0 |a Implementation of Management Systems as Competitive Advantage  |c Marta Karkalíková, Dominika Noseková 
520 |a Implemantácia manažérskych systémov potravinovej bezpečnosti a a ich význam. 
610 2 0 |a riadenie kvality 
610 2 0 |a normy ISO 
610 2 0 |a normy kvality 
610 2 0 |a bezpečnosť potravinová 
610 2 0 |a kvalita potravín 
610 2 0 |a výhody konkurenčné 
610 2 0 |a systém riadenia kvality 
100 1 |a Karkalíková, Marta 
700 1 |a Noseková, Dominika